00759cam a22002171 4500001001300000003000400013005001700017008004100034010001700075035002000092040001900112042001200131050002400143060002500167100003300192245020500225260002800430300001100458440003700469700003500506med47000149 DLC20260227111558.0810815s1946 xx 000 0 eng  amed47000149  a(OCoLC)14725323 aDLCcDNLMdDLC apremarc00aPN4181b.H25 vol. 10 aW 275bAA1 M68h 19461 aMitchell, Harland B.,d1907-10a"Here's the question," resolved:bThat the federal government should provide a system of complete medical care available to all citizens at public expense.cBy H. B. Mitchell and Keith D. Marshall ... aSeminole, Okl.,cc1946. a113 p. 0a"A handbook for debaters,"vv. 11 aMarshall, Keith Dayton,d1920-